|
|
|
|
| LEADER |
00000nam a2200000 a 4500 |
| 001 |
vtls008937297 |
| 003 |
SK-MaSNL |
| 005 |
20260301080754.0 |
| 008 |
240318 000 0 eng |
| 040 |
|
|
|a SNK
|b slo
|c SNK
|e AACR2
|
| 100 |
1 |
|
|a Olszewicz, Wacław
|4 aut
|9 286640
|
| 245 |
1 |
0 |
|a O Polsko-Słowackiej Współpracy
|b Na Terenie Śląska Cieszyńskiego
|
| 260 |
|
|
|a Cieszyn
|b [Drukarnia "Dziedzictwa"
|c 1934
|
| 300 |
|
|
|a 31 s.
|
| 999 |
|
|
|c 654072
|d 656002
|
| 952 |
|
|
|a SNK
|b SNK
|y VYP
|7 0
|p 17A0536103
|o snkSD 3584 D1
|i snkXI. 2670/55
|3 rekatalogizácia
|0 0
|1 0
|4 0
|d 2007-01-20
|l 0
|r 2026-02-23 18:32:04
|w 2026-02-23
|
| 952 |
|
|
|a SNK
|b SNK
|y VYP
|7 0
|p 17A0536421
|o snkSD 3584 D2
|i snkK 2740/65
|8 3
|3 rekatalogizácia
|0 0
|1 0
|4 0
|d 2007-01-20
|l 0
|r 2026-02-23 18:32:04
|w 2026-02-23
|